Curso de derecho minero.
Guardat en:
| Autor principal: | |
|---|---|
| Format: | Llibre |
| Idioma: | espanyol |
| Publicat: |
Santiago, Chile:
Universidad Central de Chile; Facultad de Ciencias Jurídicas y Sociales,
2004.
|
| Edició: | Primera reimpresión de la primera edición. |
| Matèries: | |
| Etiquetes: |
Afegir etiqueta
Sense etiquetes, Sigues el primer a etiquetar aquest registre!
|
MARC
| LEADER | 00000nam a2200000 a 4500 | ||
|---|---|---|---|
| 001 | UCL8653 | ||
| 003 | CL-VaPUC | ||
| 005 | 20231206112739.0 | ||
| 008 | 040702e20040000CL |||||||||||||||||spa|d | ||
| 999 | |c 309853 |d 309851 | ||
| 020 | |a 956-7134-52-9 | ||
| 040 | |c Pontificia Universidad Católica de Valparaíso | ||
| 082 | 0 | 4 | |a 343.83077 ANS 2004 |2 21 |
| 100 | 0 | |a Ansaldi Domínguez, Carmen |e autor |9 486606 | |
| 245 | 1 | 0 | |a Curso de derecho minero. |
| 250 | |a Primera reimpresión de la primera edición. | ||
| 260 | |a Santiago, Chile: |b Universidad Central de Chile; |b Facultad de Ciencias Jurídicas y Sociales, |c 2004. | ||
| 300 | |a 467 páginas. | ||
| 500 | |a c.2 Donación Familia Prof. Alejandro Guzmán Brito. | ||
| 583 | |a last modification |c 20040702 00:00:00 |k Rodrigo Vera | ||
| 650 | 0 | |a Derecho minero chileno |9 257767 | |
| 650 | 0 | |a Jurisprudencia |9 255952 | |
| 650 | 0 | |a Derecho tributario |9 258895 | |
| 650 | 0 | |a Derecho comercial |9 256340 | |
| 650 | 0 | |a Concesiones mineras |9 256334 | |
| 650 | 0 | |a Industria minera |9 260256 | |
| 942 | |c BK |2 ddc |n 0 | ||
| 945 | |d 20040702 00:00:00 |a cmena | ||
| 952 | |0 0 |1 0 |2 ddc |4 0 |6 343_830770000000000_ANS_2004 |7 0 |8 A |9 377634 |a BIBDER |b BIBDER |d 2019-11-21 |i 403340K |o 343.83077 ANS 2004 |p 403340K |r 2023-01-25 |w 2019-11-21 |y BK |k DER | ||
| 952 | |0 0 |1 0 |2 ddc |4 0 |6 343_830770000000000_ANS_2004 |7 1 |8 C_AGB |9 581222 |a BIBDER |b BIBDER |d 2022-02-08 |e Donación |i 5645697 |o 343.83077 ANS 2004 |p 5645697 |r 2023-01-25 |t 2 |w 2022-02-08 |y BK_US |k AGB | ||